Pokémon - Les attaques de Crocogril - Statistiques

Statistiques générales
  • Ce quiz a été pris 13 fois
  • Le résultat moyen est 10 sur 14
Statistiques - réponses
Niveaux Types Noms des attaques % Correct
Départ Normal Charge
100%
Départ Feu Flammèche
100%
Niveau 12 Ténèbres Morsure
100%
Niveau 47 Feu Déflagration
88%
Niveau 17 Feu Calcination
75%
Départ Normal Groz'Yeux
75%
Niveau 32 Feu Lance-Flammes
75%
Niveau 42 Feu Feu Follet
63%
Niveau 7 Spectre Léchouille
63%
Niveau 38 Normal Mégaphone
63%
Niveau 10 Normal Chant Canon
50%
Niveau 28 Normal Hurlement
50%
Niveau 24 Ténèbres Aboiement
38%
Niveau 15 Normal Bâillement
13%
Aucun quiz correspondant
Distribution des résultats
% des personnes avec chaque résultat
Percentile par nombre de réponses
Votre historique - résultats
Vous n’avez pas pris ce quiz